[Event "ARM-ch Club 2018"]
[Site "Yerevan"]
[Date "2018.06.10"]
[Round "3"]
[White "Martirosyan, Haik M"]
[Black "Martirosyan, Garik"]
[Result "1-0"]
[WhiteElo "2572"]
[BlackElo "2128"]
[Annotator "TA"]
[PlyCount "165"]
[EventDate "2018.??.??"]
[EventCountry "ARM"]
[SourceTitle "playchess.com"]
[Source "ChessBase"]
[SourceQuality "1"]

{[%evp 19,165,41,60,45,48,53,62,29,66,45,45,50,40,42,47,35,35,35,45,35,54,3,50,41,44,35,54,35,57,47,65,62,72,55,72,0,67,66,95,83,149,20,27,29,31,28,34,0,0,0,0,0,0,0,0,-37,-37,-70,0,-65,-33,-75,-15,-57,-63,-67,-64,-98,-93,-125,-123,-112,-27,-62,-14,-25,-8,-8,-8,-47,-39,-74,0,-8,-16,-10,0,0,7,0,20,24,27,0,0,0,0,0,0,0,8,0,0,0,0,-29,-29,-112,0,0,0,0,0,0,0,0,0,0,166,159,194,125,408,417,403,387,910,771,812,698,662,626,1152,1012,1098,995,1013,988,5604,5080,5054,5075,5013,4867,4610,4133,2082,1575]} 1. d4 Nf6 2. c4 e6 3. Nf3 b6 4. g3 Ba6 5. Qa4 Bb7 6. Bg2 g6 {E15: Damenindisch (Hauptfortsetzung, Abweichungen)} (6... c5 7. dxc5 bxc5 8. O-O Be7 9. Nc3 O-O 10. Rd1 Qb6 11. Bf4 d6 12. Rab1 Nbd7 13. b4 Rfb8 14. a3 h6 15. h3 a6 16. Qa5 Qxa5 17. bxa5 Ne8 18. Ne5 Nxe5 19. Bxb7 Nxc4 20. Bxa8 Rxa8 {0-1 (49) Xu,Y (2545)-Jakovenko,D (2732) China 2018}) 7. O-O Bg7 8. Qc2 O-O 9. Nc3 d6 10. e4 Nbd7 {LiveBook: 12 Partien} 11. Be3 a6 $146 ({Vorgänger:} 11... Ng4 12. Bg5 f6 13. Bd2 e5 14. h3 Nh6 15. Rad1 {1-0 (72) Potkin,V (2621)-Ipatov,A (2613) Dubai 2014}) 12. d5 Qe7 13. h3 e5 14. Ne1 c6 15. dxc6 Bxc6 16. Nd3 Rfc8 17. Nb4 Bb7 18. Qe2 Nc5 19. Nbd5 Bxd5 20. exd5 (20. cxd5 $14 a5 21. Rfc1) 20... Qd7 21. Rac1 Rab8 22. Rc2 h5 23. Rd1 Bf8 24. Kh2 Rc7 25. b3 Qc8 26. Rdc1 Qf5 27. Rd1 Qc8 $1 28. Rcc1 Kh7 29. f4 Re7 (29... Qe8 $142) 30. Qf2 (30. f5 $1 $16) 30... Qf5 $11 31. fxe5 Rxe5 32. Qxf5 Rxf5 33. Rf1 Re8 34. Bg1 Bh6 35. Rxf5 gxf5 36. Rf1 Kg6 37. b4 Ncd7 38. Bf3 f4 (38... Bd2 $15 39. Ne2 Bxb4) 39. Ne2 (39. Be2 $11 fxg3+ 40. Kxg3) 39... fxg3+ $15 40. Kxg3 Ne5 (40... Rc8 $17) 41. Bxb6 Nxc4 42. Bd4 Nd2 43. Rg1 Kf5 44. Kf2 {Droht stark Sg3+.} Nfe4+ 45. Bxe4+ Nxe4+ (45... Kxe4 $17 46. Bb6 Rb8 47. Ng3+ Kd3) 46. Ke1 h4 {zielt auf ...Sg3 ab.} 47. Kd1 $1 Nd2 48. a4 Nf3 49. Rf1 Ke4 $1 {[%csl LRd4,LRd5]} 50. Bb2 {[#]} Ne5 (50... Bd2 $1 $17 51. b5 axb5 52. axb5 f5) 51. Kc2 $11 Kxd5 {und nun wäre ...Sc6 stark für Schwarz.} 52. Rd1+ Ke4 53. Rxd6 Bf8 $132 {[%mdl 2048] Schwarz puts up resistance} 54. Rf6 {Weiss will mit Sc3+ Matt setzen.} Ke3 55. Nc3 {Weiss droht Lc1+ und Matt.} Nd3 56. Rxf7 Nxb4+ 57. Kb3 Nd3 58. Nd5+ Ke2 {Und weiter mit ...Tb8+ wäre nett.} 59. Bd4 Bc5 60. Bf6 Bf2 61. Nc3+ Kd2 62. Rc7 Rb8+ 63. Kc4 (63. Ka2 $11) 63... Bg3 (63... Rb4+ $17 64. Kd5 Nf4+ 65. Ke5 Bd4+ 66. Kxf4 Bxc3+ 67. Kf5 Bxf6 68. Kxf6 Rxa4) 64. Ne4+ Kc2 65. Nxg3 hxg3 {[%mdl 4096] Endspiel KTL-KTS} 66. Kd4+ Kd2 67. Bg5+ Ke2 $1 {...Tb4+ ist eine echte Drohung.} 68. Re7+ Kf1 $2 (68... Kd1 $1 $11 {und Schwarz ist OK.} 69. Kxd3 g2) 69. Kxd3 $18 {KTL-KT} Rb3+ 70. Kd2 (70. Kc4 $18 g2 71. Bh4) 70... Rb2+ $2 {[%mdl 8192]} (70... Ra3 $16 {kämpft weiter.}) 71. Kc3 Ra2 {[#]} 72. Kb4 $1 g2 $2 (72... Rh2 73. Ka5 g2) 73. Be3 {Weiß steht klar auf Gewinn.} Rb2+ 74. Ka5 Rb3 {Weiss muss nun ...Txe3 beachten.} 75. Rf7+ Ke2 76. Rf2+ Kxe3 77. Rxg2 {Droht Tg3+ und aus. KT-KT} Kd4 78. h4 {[%cal Bh3h4,Bh4h5][%mdl 32]} Ra3 79. h5 Rh3 80. Rg5 Kc4 81. Kxa6 Kb4 82. a5 Rf3 83. Kb6 {Precision: Weiß = 52%, Schwarz = 46%.} 1-0

[Event "ARM-ch Club 2018"]
[Site "Yerevan"]
[Date "2018.06.10"]
[Round "3"]
[White "Petrosyan, Manuel"]
[Black "Vaganian, Rafael A"]
[Result "1/2-1/2"]
[WhiteElo "2551"]
[BlackElo "2550"]
[Annotator "TA"]
[PlyCount "61"]
[EventDate "2018.??.??"]
[EventCountry "ARM"]
[SourceTitle "playchess.com"]
[Source "ChessBase"]
[SourceQuality "1"]

{[%evp 16,61,-27,-26,0,-21,-24,-37,-36,-41,-46,-52,-50,-46,-44,-45,-52,-54,-61,-50,-68,-60,-67,-61,-22,-22,-29,-29,-29,-35,-20,-30,0,0,0,-4,-18,-2,0,0,0,-11,0,-5,0,0,0,0]} 1. Nf3 d5 2. d4 Nf6 3. c4 e6 4. g3 Bb4+ 5. Nbd2 dxc4 6. Bg2 c6 7. Qc2 b5 8. a4 Bb7 9. O-O {LiveBook: 19 Partien} a6 {E04: Katalanisch} (9... Nbd7 10. b3 c3 11. Nb1 bxa4 12. bxa4 c5 13. Nxc3 cxd4 14. Nb5 O-O 15. Qb2 Qa5 16. Nfxd4 Bxg2 17. Kxg2 {½-½ (36) Li,C (2720)-Mamedyarov,S (2768) Doha 2016}) 10. Rd1 $146 ({Vorgänger:} 10. Ne4 Nbd7 11. Bg5 h6 12. Nxf6+ Nxf6 13. Bxf6 gxf6 14. e4 Qb6 15. Rfd1 Rd8 16. Qc1 Qc7 17. axb5 cxb5 {1-0 (38) Aleksanyan,H (2250)-Sousa,A (2417) Batumi 2018}) 10... c5 11. axb5 axb5 {Schwarz steht etwas besser.} 12. Rxa8 Bxa8 13. dxc5 {Droht stark Sxc4.} Nbd7 14. Nd4 $1 {Schwarz muss nun c6 beachten.} Bxc5 15. Nxb5 {[#]} Bxf2+ $1 {[%mdl 512]} 16. Kf1 {Droht Lxa8 und aus.} (16. Kxf2 Qb6+) 16... O-O 17. Nxc4 Bc5 {Und ...Lxg2+ würde nun gewinnen.} 18. Bf3 Qb8 19. Nc3 Nb6 20. Nxb6 Bxb6 21. Qa4 Bxf3 22. exf3 Qc7 {Und weiter mit ...Dc5 wäre nett.} 23. Qb5 Rd8 24. Rxd8+ {Die Stellung ist ausgeglichen.} Qxd8 25. Qc4 h6 26. Kg2 Ba7 27. Nb5 Bb6 {und nun wäre ...Dd1 stark für Schwarz.} 28. Nc3 Ba7 29. Nb5 Qb6 30. Qc8+ Kh7 {[#] ( -> ...Df2+)} 31. Qc2+ {Precision: Weiß = 72%, Schwarz = 58%.} 1/2-1/2

[Event "ARM-ch Club 2018"]
[Site "Yerevan"]
[Date "2018.06.10"]
[Round "3"]
[White "Hakobyan, Aram"]
[Black "Hovhannisyan, Robert"]
[Result "1/2-1/2"]
[WhiteElo "2542"]
[BlackElo "2625"]
[Annotator "TA"]
[PlyCount "120"]
[EventDate "2018.??.??"]
[EventCountry "ARM"]
[SourceTitle "playchess.com"]
[Source "ChessBase"]
[SourceQuality "1"]

{[%evp 9,120,14,24,23,22,10,-4,0,28,27,10,0,0,0,0,0,0,-31,-16,-54,-54,-60,-68,-59,0,0,49,25,56,59,72,76,66,57,58,63,67,0,0,0,8,-2,0,-11,-11,-11,-11,-12,-11,-14,-11,-13,-15,-14,0,0,0,-21,0,0,0,0,0,-10,0,0,0,0,0,0,0,0,0,0,-10,-16,0,0,0,0,0,0,0,0,0,0,0,0,0,0,0,0,0,0,0,0,0,0,0,0,0,0,0,0,0,0,0,0,0,0,0,0,0]} 1. d4 d5 2. Nf3 Nf6 3. Bf4 Nh5 4. Bd2 (4. Bg5 h6 5. Bh4 g5 6. Bg3 Nxg3 7. hxg3 Bg7 8. c3 Nc6 9. e3 g4 10. Nh4 e6 11. Qxg4 Qf6 {0-1 (84) Zorko,J (2457)-Buhmann,R (2584) Katowice 2017}) 4... e6 5. c4 Be7 6. Nc3 {D02: 1 d4 d5 2 Nf3 sidelines, including 2...Nf6 3 g3 and 2...Nf6 3 Bf4} O-O 7. e4 dxe4 8. Nxe4 Nf6 9. Qc2 Nbd7 $146 ({Predecessor:} 9... c6 10. Bd3 Nxe4 11. Bxe4 f5 12. Bd3 Bf6 13. Bc3 Nd7 14. O-O c5 {1-0 (39) Talbi,C (2181)-Aknouche,A (2045) Alger 2015}) 10. O-O-O Nxe4 11. Qxe4 Nf6 12. Qc2 b6 13. Bc3 Bb7 14. Bd3 {[#]} b5 $1 {[%mdl 512]} 15. cxb5 a6 16. d5 $1 {[%cal Rd5e6]} Nxd5 (16... exd5 $15 17. bxa6 Bxa6) 17. bxa6 $11 Bxa6 18. Bxh7+ Kh8 19. Be4 Bb7 20. a3 Bf6 21. Bxf6 Qxf6 22. Qd2 Ra4 23. Bc2 ({White should try} 23. Rhe1 $1 $14) 23... Rg4 $1 {The position is equal.} 24. Rhg1 Ra8 25. h3 $132 {[%mdl 2048] White is fighting back} Rf4 $1 ({Much weaker is} 25... Rc4 $6 26. Qd3 $16) 26. Qd3 {[%csl Gc2][%cal Rd3h7]} g6 {With the idea ...Ba6.} 27. Rge1 Kg7 28. Qe2 Nb6 {[%cal Rb7f3]} 29. Qe5 Bxf3 30. Qxf6+ Kxf6 31. gxf3 Rh8 32. Be4 Rxh3 33. Rd2 Nc4 34. Rc2 Ne5 35. Rxc7 Nxf3 36. Bxf3 Rhxf3 37. Re2 $1 Rxf2 38. Rxf2 Rxf2 {[%mdl 4096] Endgame KR-KR} 39. b4 g5 {[%cal Bg6g5,Bg5g4][%mdl 32]} 40. b5 g4 41. Rc3 $1 Rf5 42. a4 Rf4 43. a5 Rf5 (43... Ra4 $5 44. a6 $8 Ke7 $11) 44. Rb3 {[#]} g3 $1 {[%mdl 512]} 45. Rxg3 Rxb5 46. Ra3 Rb7 47. Kd2 Ke5 48. Kc3 Kd5 49. a6 Rb8 (49... Ra7 {is interesting.} 50. Kd3 e5 51. Ra5+ Ke6 52. Ke4 f5+) 50. Kd3 Ra8 {Threatens to win with ...Ra7.} 51. a7 Kc6 (51... Kc5 $5 52. Ke4 $8 Kb6 53. Rb3+ Kxa7 $11) 52. Ke4 Kb6 53. Rb3+ Kxa7 {White must now prevent ...Rd8.} 54. Rf3 Rf8 {aiming for ...f6.} 55. Ke5 Kb6 56. Kd6 Rd8+ 57. Ke7 Rd5 {Strongly threatening ...Rf5.} 58. Rxf7 e5 {...Kc5 is the strong threat.} 59. Ke6 Kc5 {Hoping for ...e4.} 60. Ra7 {And now Ra5+ would win.} Rd1 {Precision: White = 77%, Black = 64%.} 1/2-1/2

[Event "ARM-ch Club 2018"]
[Site "Yerevan"]
[Date "2018.06.10"]
[Round "3"]
[White "Gabuzyan, Hovhannes"]
[Black "Khachatryan, Anna"]
[Result "1-0"]
[WhiteElo "2539"]
[BlackElo "1955"]
[Annotator "TA"]
[PlyCount "77"]
[EventDate "2018.??.??"]
[EventCountry "ARM"]
[SourceTitle "playchess.com"]
[Source "ChessBase"]
[SourceQuality "1"]

{[%evp 16,77,22,0,7,10,33,26,49,40,56,62,38,32,91,30,47,45,68,48,93,81,67,66,99,58,66,54,51,56,106,101,145,133,106,97,121,114,108,93,98,66,66,22,24,33,29,41,257,287,268,276,258,254,327,326,333,323,455,455,482,491,902,594]} 1. Nf3 Nf6 2. g3 g6 3. c4 Bg7 4. Nc3 O-O 5. Bg2 d6 6. O-O c5 7. e3 Nc6 8. d4 Bf5 9. b3 {LiveBook: 9 Games. E65: King's Indian: Fianchetto: 6...c5 7 0-0 without d5 by White} (9. h3 Ne4 10. Ne2 Nf6 11. b3 a6 12. Bb2 Rc8 13. g4 Bd7 14. Ng3 h6 15. d5 Na5 16. Qd2 b5 {1-0 (60) Timofeev,A (2549)-Belyakov,B (2486) Sochi 2017}) 9... Rc8 10. Bb2 cxd4 $146 ({Predecessor:} 10... Ne4 11. Nh4 Nxc3 12. Bxc3 Bd7 13. Qd2 a6 14. d5 Bxc3 15. Qxc3 Qa5 16. Qb2 Ne5 {½-½ (62) Panocki,A (2369)-Sowul,B (2081) Krakow 2009}) 11. Nxd4 {White is slightly better.} Bg4 12. Qd2 Qa5 13. h3 Bd7 14. Rad1 Qh5 (14... Nxd4 $14 15. exd4 b5) 15. Qe2 ({White should play} 15. g4 $16 Qc5 16. f4 Nxd4 17. exd4) 15... Qxe2 16. Ndxe2 a6 17. g4 h6 18. Na4 Rcd8 19. Nb6 Be8 20. Nf4 Nd7 21. Bxg7 Kxg7 22. Nbd5 e5 23. Ne2 Nf6 24. Nxf6 Kxf6 25. Nc3 Ke6 26. Rd2 f5 27. Rfd1 Bf7 28. Nd5 Kd7 $1 29. Nb6+ Kc7 30. c5 dxc5 31. Nd7 e4 $2 {[#]} (31... Rfe8 $14) 32. Nxf8 $18 Rxf8 33. Rd7+ Kc8 34. R7d6 Ne5 35. gxf5 gxf5 36. Rf6 ({Don't take} 36. Rxh6 Re8 $18) 36... Rg8 (36... Kc7 $142 37. Rc1 Nd3) 37. Rxf5 {White is clearly winning.} Nf3+ 38. Kh1 Rxg2 (38... Be8 $142 39. Rxc5+ Bc6) 39. Rxc5+ {Precision: White = 60%, Black = 22%.} 1-0

[Event "ARM-ch Club 2018"]
[Site "Yerevan"]
[Date "2018.06.10"]
[Round "3"]
[White "Sargsyan, Shant"]
[Black "Minasian, Artashes"]
[Result "1-0"]
[WhiteElo "2499"]
[BlackElo "2483"]
[Annotator "TA"]
[PlyCount "47"]
[EventDate "2018.??.??"]
[EventCountry "ARM"]
[SourceTitle "playchess.com"]
[Source "ChessBase"]
[SourceQuality "1"]

{[%evp 11,47,37,60,49,57,48,53,22,32,16,27,2,60,62,51,54,66,58,68,58,106,104,98,78,97,110,483,489,485,452,485,485,467,483,472,470,552,552]} 1. d4 d6 2. Nf3 g6 3. c4 Bg7 4. Nc3 Bg4 5. g3 Bxf3 6. exf3 c6 7. Be3 {A41: 1 d4 d6: Tartakower System and Modern Defence} Nf6 8. d5 (8. Qb3 Qd7 9. Ne4 Na6 10. Be2 O-O 11. O-O c5 12. Nxf6+ Bxf6 13. Rad1 cxd4 14. Bxd4 Bxd4 15. Rxd4 {1-0 (57) Melkumyan,H (2640)-Kuzubov,Y (2635) Izmir 2016}) 8... O-O 9. Qd2 $146 {White is slightly better.} ({Predecessor:} 9. Bh3 b5 10. cxb5 Nxd5 11. Nxd5 cxd5 12. Qxd5 {½-½ (47) Hebert,J (2416)-Zugic,I (2450) Montreal 2002}) 9... Nbd7 10. Be2 cxd5 11. Nxd5 a5 ({Black should try} 11... e6 $11 12. Nxf6+ Qxf6) 12. Nc3 $14 a4 13. O-O Qa5 14. Rfc1 Rfc8 15. Rab1 Nc5 16. b4 axb3 17. axb3 {[#] b4 is the strong threat.} Qb4 18. Qc2 Ra3 $2 {[%mdl 8192]} (18... e5 $16 {is tougher.}) 19. Nb5 $18 {White is clearly winning.} Rxb3 20. Bxc5 Rxb1 21. Bxb4 Rxb4 22. Rb1 Rxb1+ 23. Qxb1 Nd7 24. Qe4 {Precision: White = 67%, Black = 42%.} 1-0

[Event "ARM-ch Club 2018"]
[Site "Yerevan"]
[Date "2018.06.10"]
[Round "3"]
[White "Kotanjian, Tigran"]
[Black "Harutyunian, Tigran K"]
[Result "0-1"]
[WhiteElo "2488"]
[BlackElo "2499"]
[Annotator "TA"]
[PlyCount "57"]
[EventDate "2018.??.??"]
[EventCountry "ARM"]
[SourceTitle "playchess.com"]
[Source "ChessBase"]
[SourceQuality "1"]

{[%evp 22,57,26,9,26,13,20,0,0,0,33,31,14,12,21,19,8,21,35,0,32,0,-4,-13,-18,-36,-23,-22,-25,-20,-31,-217,-210,-271,-268,-262,-262,-273]} 1. d4 Nf6 2. c4 g6 3. Nc3 d5 4. cxd5 Nxd5 5. e4 Nxc3 6. bxc3 Bg7 7. Bc4 c5 8. Ne2 O-O 9. O-O Nc6 10. Be3 Na5 11. Bd3 b6 12. Rc1 e5 {[%cal Re5d4] D87: Exchange Grünfeld: Classical Line: Variations without ...cxd4} 13. dxc5 (13. Qa4 Bd7 14. Qa3 Be6 15. d5 Bd7 16. f4 Nb7 17. c4 Nd6 18. Rce1 Re8 19. Ng3 exf4 20. Bxf4 {0-1 (36) Sasikiran,K (2694)-Kamsky,G (2729) Dresden 2008}) 13... Be6 14. cxb6 axb6 {The position is equal.} 15. c4 Re8 16. Qc2 Bf8 $146 ({Predecessor:} 16... Qe7 17. Bxb6 Bh6 18. f4 Nc6 19. f5 Bxc1 20. fxe6 {½-½ (43) Luers,C (1895)-Trani,F (1829) LSS email 2010}) 17. Rfd1 Bc5 18. Bxc5 bxc5 19. Nc3 Nc6 20. Nd5 Kg7 21. a4 Nd4 22. Qa2 Bd7 23. Nc3 Qa5 {[%cal Rd7a4]} 24. Qa3 Bxa4 25. Ra1 {[%cal Rc3a4]} Reb8 {Threatens to win with ...Nb3.} 26. Qxa4 $2 {[#]} (26. Ra2 $15) 26... Qd8 $19 ({And not} 26... Qxc3 27. Qxa8 Rxa8 28. Rxa8 $11) 27. Nb5 {intending Na7.} Rxa4 28. Rxa4 Rb7 29. Raa1 {Precision: White = 41%, Black = 78%.} 0-1

[Event "ARM-ch Club 2018"]
[Site "Yerevan"]
[Date "2018.06.10"]
[Round "3"]
[White "Hayrapetyan, Hovik"]
[Black "Mikaelyan, Arman"]
[Result "1-0"]
[WhiteElo "2454"]
[BlackElo "2500"]
[Annotator "TA"]
[PlyCount "95"]
[EventDate "2018.??.??"]
[EventCountry "ARM"]
[SourceTitle "playchess.com"]
[Source "ChessBase"]
[SourceQuality "1"]

{[%evp 14,95,34,18,16,10,31,29,11,8,11,8,11,5,2,2,6,8,19,0,0,0,0,0,0,0,12,9,27,27,41,18,51,64,51,46,122,154,169,157,159,93,118,115,172,170,182,194,202,193,363,330,334,268,245,240,483,519,451,539,617,535,530,510,504,485,653,665,645,657,653,653,616,512,884,865,1101,1108,1012,1006,1468,1636,1136,955]} 1. d4 d5 2. Nf3 Nf6 3. c4 c6 4. e3 Bg4 5. Nc3 e6 6. h3 Bxf3 7. Qxf3 Nbd7 8. Qd1 {LiveBook: 15 Games. D11: Slav Defence: 3 Nf3 sidelines and 3...Nf6 4 e3 Bg4} (8. Bd3 Bb4 9. O-O O-O 10. Qd1 Re8 11. Bd2 dxc4 12. Bxc4 Qe7 13. a3 Bd6 14. Qc2 Rad8 15. Rfd1 h5 16. b4 h4 {0-1 (35) So,W (2815)-Carlsen,M (2832) chess.com INT 2017}) 8... dxc4 $146 ({Predecessor:} 8... Bd6 9. Qb3 Rb8 10. g3 O-O 11. Bg2 a6 12. a4 Bc7 13. O-O Nb6 14. c5 Nbd7 15. Qc2 a5 {½-½ (31) Petrosyan,M (2570)-Martirosyan,H (2567) Yerevan 2018}) 9. Bxc4 Bd6 10. O-O {White is slightly better.} O-O 11. b3 Qe7 12. Bb2 e5 13. dxe5 Qxe5 {[%csl Gd6][%cal Re5h2] [#]} 14. g3 Qe7 15. Qc2 h5 16. Qf5 b5 17. Be2 g6 18. Qf3 Be5 19. Rfc1 Qe6 20. Qg2 Rac8 21. Rc2 a6 22. Rac1 c5 23. g4 $1 hxg4 24. hxg4 {[%cal Bh3g4,Bg4g5][%mdl 32] Threatens to win with g5.} Rfd8 (24... g5 $14) 25. g5 $16 Nh7 26. Bg4 Qe8 27. Nd5 (27. f4 $142 Bg7 28. Qh3) 27... Bxb2 28. Rxb2 Rc6 (28... c4 $16) 29. Rd2 $36 {[%mdl 2048] Strongly threatening Rcd1. Black is under strong pressure.} Ne5 30. Rcd1 Rcd6 {[#]} 31. Be2 $1 Qf8 $2 (31... Qe6 32. f4 Nc6) 32. Qh2 Re8 33. f4 Nc6 34. Bf3 {And now Nf6+! would win.} Rde6 $2 (34... Red8 {might work better.} 35. Qh4 Nd4 36. exd4 Rxd5) 35. Nc7 {aiming for Bxc6.White is clearly winning.} Rxe3 36. Bxc6 Qe7 37. Nd5 Re1+ 38. Kf2 Qe2+ 39. Rxe2 R8xe2+ 40. Kg3 {Threatening mate with Ne7+!} Rxh2 41. Rxe1 Rxa2 42. Re8+ Kg7 43. Ne3 c4 (43... f5 $142 44. Bd5 Nf8 45. Re7+ Kh8) 44. bxc4 bxc4 45. Bd5 Ra3 46. Re7 c3 47. Rxf7+ Kh8 48. Kg4 {Precision: White = 83%, Black = 40%.} 1-0

[Event "ARM-ch Club 2018"]
[Site "Yerevan"]
[Date "2018.06.10"]
[Round "3"]
[White "Petrosian, Davit G"]
[Black "Danielyan, Vahe"]
[Result "1-0"]
[WhiteElo "2400"]
[BlackElo "2387"]
[Annotator "ChessBase"]
[PlyCount "105"]
[EventDate "2018.??.??"]
[EventCountry "ARM"]
[SourceTitle "playchess.com"]
[Source "ChessBase"]
[SourceQuality "1"]
[TimeControl "5400+30"]

1. e4 {[%emt 0:01:25]} Nf6 {[%emt 0:00:17]} 2. e5 {[%emt 0:02:41]} Nd5 {[%emt 0:00:17]} 3. d4 {[%emt 0:03:22]} d6 {[%emt 0:00:13]} 4. Nf3 {[%emt 0:01:36]} Bg4 {[%emt 0:00:38]} 5. Be2 {[%emt 0:00:35]} Nc6 {[%emt 0:03:42]} 6. c4 {[%emt 0:01:10]} Nb6 {[%emt 0:07:47]} 7. e6 {[%emt 0:00:17]} fxe6 {[%emt 0:00:53]} 8. Nc3 {[%emt 0:13:37]} Bxf3 {[%emt 0:10:53]} 9. Bxf3 {[%emt 0:00:40]} g6 {[%emt 0:00:04]} 10. Bg4 {[%emt 0:14:49]} Bg7 {[%emt 0:01:11]} 11. d5 {[%emt 0:15:02]} Nd4 {[%emt 0:00:23]} 12. Ne2 {[%emt 0:00:27]} Nxe2 {[%emt 0:06:25]} 13. Qxe2 {[%emt 0:00:59]} e5 {[%emt 0:02:09]} 14. h4 {[%emt 0:05:19]} Bf6 {[%emt 0:03:26]} 15. h5 {[%emt 0:03:02]} g5 {[%emt 0:00:05]} 16. Be6 {[%emt 0:05:51]} h6 {[%emt 0:01:34]} 17. Qe4 {[%emt 0:03:40]} Kf8 {[%emt 0:01:04]} 18. Be3 {[%emt 0:01:24]} Qe8 {[%emt 0:00:57]} 19. O-O-O {[%emt 0:04:27]} Kg7 {[%emt 0:01:41]} 20. g3 {[%emt 0:07:27]} Nd7 {[%emt 0:00:18]} 21. Bxd7 {[%emt 0:06:33]} Qxd7 {[%emt 0:00:07]} 22. f4 {[%emt 0:00:01]} Rag8 {[%emt 0:02:11]} 23. fxg5 {[%emt 0:00:50]} hxg5 {[%emt 0:00:34]} 24. g4 {[%emt 0:01:54]} Kh6 {[%emt 0:00:24]} 25. Rdf1 {[%emt 0:01:00]} Rh7 {[%emt 0:02:51]} 26. Rf5 {[%emt 0:00:11]} Rhg7 {[%emt 0:02:06]} 27. Rhf1 {[%emt 0:00:10]} Qd8 {[%emt 0:00:25]} 28. Kb1 {[%emt 0:00:02]} a6 {[%emt 0:00:53]} 29. R1f2 {[%emt 0:00:21]} c6 {[%emt 0:03:40]} 30. dxc6 {[%emt 0:02:46]} bxc6 {[%emt 0:00:27]} 31. Qxc6 {[%emt 0:00:02]} Qa8 {[%emt 0:01:49]} 32. Rxf6+ {[%emt 0:02:22]} exf6 {[%emt 0:00:20]} 33. Rxf6+ {[%emt 0:00:03]} Kh7 {[%emt 0:00:14]} 34. Qxa8 {[%emt 0:00:25]} Rxa8 {[%emt 0:00:04]} 35. Rxd6 {[%emt 0:00:16]} Rf7 {[%emt 0:07:14]} 36. Bxg5 {[%emt 0:00:51]} e4 {[%emt 0:01:48]} 37. Bf6 {[%emt 0:00:50]} Kh6 {[%emt 0:03:48]} 38. Re6 {[%emt 0:00:23]} e3 {[%emt 0:01:38]} 39. g5+ {[%emt 0:01:58]} Kxh5 {[%emt 0:00:24]} 40. Rxe3 {[%emt 0:00:14]} a5 {[%emt 0:01:28]} 41. Kc2 {[%emt 0:00:10]} a4 {[%emt 0:00:06]} 42. b4 {[%emt 0:00:50]} Kg6 {[%emt 0:04:02]} 43. b5 {[%emt 0:00:38]} Rh7 {[%emt 0:00:06]} 44. Kc3 {[%emt 0:00:39]} Rc8 {[%emt 0:02:58]} 45. Kb4 {[%emt 0:00:24]} Rh4 {[%emt 0:00:18]} 46. Rc3 {[%emt 0:00:08]} Rh2 {[%emt 0:00:02]} 47. a3 {[%emt 0:00:42]} Rb2+ {[%emt 0:00:12]} 48. Ka5 {[%emt 0:00:04]} Ra8+ {[%emt 0:00:37]} 49. Kb6 {[%emt 0:00:02]} Rf8 {[%emt 0:00:52]} 50. Kc7 {[%emt 0:01:08]} Rf7+ {[%emt 0:00:13]} 51. Kc6 {[%emt 0:00:58]} Rb3 {[%emt 0:00:25]} 52. Rxb3 {[%emt 0:00:16]} axb3 {[%emt 0:00:04]} 53. Bb2 {[%emt 0:00:03]} 1-0

[Event "ARM-ch Club 2018"]
[Site "Yerevan"]
[Date "2018.06.10"]
[Round "3"]
[White "Bakunts, Rafael"]
[Black "Baghdasaryan, Vahe"]
[Result "1-0"]
[WhiteElo "2395"]
[BlackElo "2406"]
[Annotator "ChessBase"]
[PlyCount "69"]
[EventDate "2018.??.??"]
[EventCountry "ARM"]
[SourceTitle "playchess.com"]
[Source "ChessBase"]
[SourceQuality "1"]
[TimeControl "5400+30"]

1. e4 {[%emt 0:03:45]} c5 {[%emt 0:00:50]} 2. Nf3 {[%emt 0:00:19]} e6 {[%emt 0:00:42]} 3. g3 {[%emt 0:02:02]} Nc6 {[%emt 0:00:50]} 4. Bg2 {[%emt 0:00:31]} Nf6 {[%emt 0:00:50]} 5. Qe2 {[%emt 0:01:20]} e5 {[%emt 0:04:21]} 6. d3 {[%emt 0:08:10]} Be7 {[%emt 0:00:49]} 7. c3 {[%emt 0:02:40]} O-O {[%emt 0:01:38]} 8. O-O {[%emt 0:00:23]} d6 {[%emt 0:01:04]} 9. a3 {[%emt 0:00:17]} a5 {[%emt 0:00:53]} 10. a4 {[%emt 0:00:14]} h6 {[%emt 0:00:09]} 11. Na3 {[%emt 0:00:19]} Bg4 {[%emt 0:00:12]} 12. Nc4 {[%emt 0:00:33]} Nh7 {[%emt 0:02:18]} 13. h3 {[%emt 0:07:07]} Be6 {[%emt 0:04:56]} 14. Nh2 {[%emt 0:08:38]} f5 {[%emt 0:16:20]} 15. exf5 {[%emt 0:03:17]} Bxf5 {[%emt 0:00:15]} 16. f4 {[%emt 0:00:48]} exf4 {[%emt 0:03:06]} 17. Bxf4 {[%emt 0:00:59]} Kh8 {[%emt 0:29:45]} 18. Rae1 {[%emt 0:04:17]} d5 {[%emt 0:02:03]} 19. Ne5 {[%emt 0:09:33]} Bd6 {[%emt 0:08:44]} 20. Nhf3 {[%emt 0:04:20]} Nxe5 {[%emt 0:08:02]} 21. Nxe5 {[%emt 0:00:45]} Bxe5 {[%emt 0:00:14]} 22. Bxe5 {[%emt 0:03:59]} Ng5 {[%emt 0:10:21]} 23. g4 {[%emt 0:05:23]} Bg6 {[%emt 0:00:30]} 24. Rxf8+ {[%emt 0:02:13]} Qxf8 {[%emt 0:00:08]} 25. h4 {[%emt 0:00:12]} Nf7 {[%emt 0:00:05]} 26. Bg3 {[%emt 0:00:07]} c4 {[%emt 0:02:42]} 27. dxc4 {[%emt 0:01:09]} Qc5+ {[%emt 0:00:21]} 28. Bf2 {[%emt 0:00:43]} Qxc4 {[%emt 0:00:08]} 29. Qxc4 {[%emt 0:01:40]} dxc4 {[%emt 0:00:02]} 30. Re7 {[%emt 0:00:11]} h5 {[%emt 0:01:08]} 31. Bd5 {[%emt 0:00:46]} Kg8 {[%emt 0:01:21]} 32. gxh5 {[%emt 0:00:47]} Bxh5 {[%emt 0:00:06]} 33. Re5 {[%emt 0:01:24]} Bg4 {[%emt 0:01:30]} 34. Rg5 {[%emt 0:01:07]} Be2 {[%emt 0:00:05]} 35. Rf5 {[%emt 0:01:12]} 1-0